000 00715nam a2200193 a 4500
008 120416s2005 ||||||||||||||||| || u
020 _a0631230483
050 _aH 62 Rua
100 _aRuane, Janet M
245 1 0 _aEssentials of research methods: a guide to social science research
260 _aOxford:
_bBlackwell
_c2005
300 _axi, 239p. : ill.
350 _a0.00
650 0 _aRESEARCH--METHODOLOGY
650 0 _aSOCIAL SCIENCES--RESEARCH
650 _aRESEARCH COLLABORATION
650 _aRESEARCH--METHODOLOGY--STUDY AND TEACHING (HIGHER)
995 _D0.00
_FCBU-MAIN LIBRARY (Kitwe)
_H1
_I25.00
_M1
_UAVAILABLE
_ZMain Library Open Access Collection
999 _c42468
_d42468